000 00683nam a22002177a 4500
005 2008062305065.0
008 080618t xxu||||| |||| 00| 0 eng d
010 _aENG-90375
020 _c60.00
035 _aEN-73908
037 _bDBAD / PUB
040 _aDPL
_bEN
082 _a809
100 _aSenguttuvan, K.
245 _aA scope of comparative literature /
_cby K. Senguttuvan
260 _aKarur
_bSuper Publications
_c2007
300 _av, 75p.
_c23 cm (pbk)
_b
500 _a
942 _cEN
_h809
_2ddc
_mSEN
999 _c13868
_d13868